| 000 | 00893nac a22002531u 4500 | ||
|---|---|---|---|
| 003 | EG-ScBUE | ||
| 005 | 20221213124447.0 | ||
| 008 | 221213r20011999enka f 000 0 eng d | ||
| 020 | _a0500281750 (pbk.) | ||
| 020 | _a9780500281758 | ||
| 040 |
_aEG-ScBUE _beng _erda _cEG-ScBUE _dEG-ScBUE |
||
| 082 | 0 | 4 |
_a728.09409049 _bDOU _222 |
| 100 | 1 |
_aDoubilet, Susan, _eauthor. |
|
| 245 | 1 | 0 |
_aEuropean house now : _bcontemporary architectural design / _cSusan Doubilet and Daralice Boles. |
| 250 | _aReprinted edition. | ||
| 264 | 1 |
_aLondon : _bThames & Hudson, _c2001. |
|
| 300 |
_a240 pages : _billustrations (some color) ; _c21 cm |
||
| 650 | 7 |
_aArchitecture, Domestic _zEurope. _2BUEsh |
|
| 650 | 7 |
_aArchitecture, Modern _y20th century _zEurope. _2BUEsh |
|
| 653 | _bENGARC | ||
| 655 | _vReading book | ||
| 700 | 1 |
_aBoles, Daralice D. _c(Daralice Donkervoet) _eauthor. |
|
| 942 |
_cBB _2ddc |
||
| 999 |
_c6378 _d6378 |
||